Président français juin 1944 - Statistiques

Statistiques générales
  • Ce quiz a été pris 33 fois
  • Le résultat moyen est 10 sur 14
Statistiques - réponses
Date Président % Correct
juin 1944 - janvier 1946 Charles de Gaulle
97%
1958 - 1969 Charles de Gaulle
97%
depuis 2017 Emmanuel Macron
94%
2012 - 2017 François Hollande
94%
1995 - 2007 Jacques Chirac
94%
1974 - 1981 Valéry Giscard d'Estaing
94%
1981 - 1995 François Mittérand
90%
2007 - 2012 Nicolas Sarkozy
90%
1969 - 1974 Georges Pompidou
84%
1954 - 1958 René Coty
45%
1947 - 1954 Vincent Auriol
42%
décembre 1946 - janvier 1947 Léon Blum
19%
janvier 1946 - juin 1946 Félix Gouin
10%
juin 1946 - décembre 1946 Georges Bidault
10%
Aucun quiz correspondant
Distribution des résultats
% des personnes avec chaque résultat
Percentile par nombre de réponses
Votre historique - résultats
Vous n’avez pas pris ce quiz